000 00822cam a2200241 a 4500
001 16316403
005 20180201031413.0
008 100706s2010 mnu b 001 0 eng
010 _a 2010455240
020 _a9780314195814 (hbk.)
020 _a9780314195821 (pbk. ; teacher's manual)
040 _aDLC
_cDLC
_dDLC
041 _aeng
043 _an-us---
080 _a347 dav
100 _a15
101 _alaw
245 0 0 _aConflict of laws :
_cby David P. Currie ... [et al.].
504 _aIncludes bibliographical references (p. ix-x) and index.
906 _a7
_bcbc
_corigcop
_d2
_encip
_f20
_gy-gencatlg
942 _2ddc
_cBK
999 _c41427
_d41427